Antisemitizmus jako definice nenávisti

Definície pojmu: antisemitizmus v rôznych slovníkoch. Protižidovský aspekt - spoločný znak definícií. Nejednoznačné chápanie židovstva a proti-židovstva. Zoskupenie Židov v židovskej obci. Antisemitizmus náboženský, rasistický a národnostný.

Salvato in:
Dettagli Bibliografici
Autore principale: Kalvach, Zdeněk
Natura: Capitolo di libro
Lingua:ceco
Soggetti:
Tags: Aggiungi Tag
Nessun Tag, puoi essere il primo ad aggiungerne!!

MARC

LEADER 00000naa$a2200000$$$4500
001 0022331
005 20231016091545.2
041 0 |a cze 
044 |a CZ 
245 1 0 |a Antisemitizmus jako definice nenávisti  |c Zdeněk Kalvach 
520 |a Definície pojmu: antisemitizmus v rôznych slovníkoch. Protižidovský aspekt - spoločný znak definícií. Nejednoznačné chápanie židovstva a proti-židovstva. Zoskupenie Židov v židovskej obci. Antisemitizmus náboženský, rasistický a národnostný. 
610 2 0 |a politika medzinárodná 
610 2 0 |a vzťahy politické medzinárodné 
610 2 0 |a národnosti 
610 2 0 |a náboženstvo 
610 2 0 |a konflikty 
610 2 0 |a antisemitizmus 
610 2 0 |a Izrael 
100 1 |a Kalvach, Zdeněk